Đánh giá hiệu quả kỹ thuật và tài chính của mô hình nuôi cua biển ở tỉnh Bạc Liêu : Luận văn Tốt nghiệp Cao học. Chuyên ngành Nuôi trồng thủy sản

Khảo sát thực trạng mô hình nuôi cua biển tại tỉnh Bạc Liêu, đánh giá hiệu quả kỹ thuật và tài chính của mô hình nuôi cua biển, phân tích các yếu tố ảnh hưởng đến hiệu quả sản xuất nhằm cải thiện hiệu quả kỹ thuật và tài chính của các...

पूर्ण विवरण

में बचाया:
ग्रंथसूची विवरण
मुख्य लेखक: Trần, Thị Kim Ngân
स्वरूप: पुस्तक
भाषा:Undetermined
प्रकाशित: Cần Thơ Trường Đại học Cần Thơ 2017
विषय:
टैग : टैग जोड़ें
कोई टैग नहीं, इस रिकॉर्ड को टैग करने वाले पहले व्यक्ति बनें!
Thư viện lưu trữ: Trung tâm Học liệu Trường Đại học Cần Thơ
LEADER 01225nam a2200217Ia 4500
001 CTU_221288
008 210402s9999 xx 000 0 und d
082 |a 639.66 
082 |b Ng121 
088 |a 60620301 
100 |a Trần, Thị Kim Ngân 
245 0 |a Đánh giá hiệu quả kỹ thuật và tài chính của mô hình nuôi cua biển ở tỉnh Bạc Liêu : 
245 0 |b Luận văn Tốt nghiệp Cao học. Chuyên ngành Nuôi trồng thủy sản 
245 0 |c Trần Thị Kim Ngân ; Nguyễn Thanh Long (Cán bộ hướng dẫn) 
260 |a Cần Thơ 
260 |b Trường Đại học Cần Thơ 
260 |c 2017 
520 |a Khảo sát thực trạng mô hình nuôi cua biển tại tỉnh Bạc Liêu, đánh giá hiệu quả kỹ thuật và tài chính của mô hình nuôi cua biển, phân tích các yếu tố ảnh hưởng đến hiệu quả sản xuất nhằm cải thiện hiệu quả kỹ thuật và tài chính của các mô hình này. 
650 |a Nuôi cua,Crab culture 
910 |a Hải 
980 |a Trung tâm Học liệu Trường Đại học Cần Thơ